LEADER 01013nam0-2200373---450- 001 990008402310403321 005 20061017135417.0 010 $a0-387-30294-8 035 $a000840231 035 $aFED01000840231 035 $a(Aleph)000840231FED01 035 $a000840231 100 $a20061017d2006----km-y0itay50------ba 101 0 $aeng 102 $aUS 105 $aa---a---001yy 200 1 $a<>concise introduction to mathematical logic$fW. Rautenberg 205 $a2nd edit 210 $aNew York$cSpringer$dc2006 215 $axvii, 256 p.$d24 cm 225 1 $aUniversitext 610 0 $aLogica matematica$aFondamenti 610 0 $aProgrammazione logica 676 $a511.3$v21$zita 700 1$aRautenberg,$bWolfgang$057281 801 0$aIT$bUNINA$gRICA$2UNIMARC 901 $aBK 912 $a990008402310403321 952 $aC-6-(167-2ED$fMA1 959 $aMA1 962 $a03-XX 962 $a68N17 996 $aConcise introduction to mathematical logic$9725105 997 $aUNINA LEADER 01143nam--2200397---450- 001 990003211090203316 005 20090330170840.0 010 $a978-88-07-82198-1 035 $a000321109 035 $aUSA01000321109 035 $a(ALEPH)000321109USA01 035 $a000321109 100 $a20090326d2008----km-y0itay50------ba 101 $aita 102 $aIT 105 $a||||||||001yy 200 1 $aSignorina Else$fArthur Schnitzler$gtraduzione e cura di Enrico Groppali 210 $aMilano$cFeltrinelli$d2008 215 $a86 p.$d20 cm 225 2 $aUniversale economica$v2198 410 0$12001$aUniversale economica$v2198 454 1$12001$aFraulein Else$920252 461 1$1001-------$12001 606 0 $2BNCF 676 $a833.912 700 1$aSCHNITZLER,$bArthur$0320902 702 1$aGROPPALI,$bEnrico 801 0$aIT$bsalbc$gISBD 912 $a990003211090203316 951 $aVII.2.A. 1075$b208814 L.M.$cVII.2.$d00187118 959 $aBK 969 $aUMA 979 $aMARTUCCIEL$b90$c20090326$lUSA01$h1636 979 $aPATRY$b90$c20090330$lUSA01$h1708 996 $aFraülein Else$920252 997 $aUNISA LEADER 01109nam0M2200373--I450- 001 990000466850203316 005 19971112000000.0 010 $a0-7923-9811-4 035 $a0046685 035 $aUSA010046685 035 $a(ALEPH)000046685USA01 035 $a0046685 100 $aAug 14, D19971997||||| ITA@01 BA 101 $aeng 102 $aUS 105 $aa|||||||001yy 200 1 $aPiezoelectric actuators and ultrasonic motors$fby Kenji Uchino 210 $aBoston [etc.]$cKluwer Academic$dc1997 215 $aVIII, 349 p.$cill.$d24 cm 225 0 $aElectronic materials 410 1$12001$aElectronic materials 606 $aDispositivi elettronici 676 $a629.8315 700 $aUCHINO,$bKenji$0543355 801 0$aIT$bICCU$c19980723$gRICA 912 $a990000466850203316 951 $a629.831 5 UCH$b16115 Ing.$c629$d00072306 959 $aBK 969 $aTEC 979 $aJOHNNY$b90$c20010524$lUSA01$h1501 979 $c20020403$lUSA01$h1655 979 $aPATRY$b90$c20040406$lUSA01$h1632 996 $aPiezoelectric actuators and ultrasonic motors$9889089 997 $aUNISA LEADER 01198nam--2200361---450- 001 990006026680203316 005 20150414130553.0 035 $a000602668 035 $aUSA01000602668 035 $a(ALEPH)000602668USA01 035 $a000602668 100 $a20150414d1924----km-y0itay50------ba 101 $aita$aeng 102 $aIT 105 $a||||||||001yy 200 1 $aNuovissimo vocabolario illustrato italiano-francese francese-italiano$ead uso delle scuole medie del Regno$fAugusto Caricati 205 $a5. ed. riveduta, corretta ed accresciuta di 20 mila vocaboli 210 $aTorino$cSocietā Editrice Internazionale$d1924 215 $aXIX, 1612 p.$cill.$d19 cm 410 0$12001 454 1$12001 461 1$1001-------$12001 606 0 $aLingua francese [e] Lingua italiana$xDizionari bilingui$2BNCF 676 $a443.51 700 1$aCARICATI,$bAugusto$0201968 801 0$aIT$bsalbc$gISBD 912 $a990006026680203316 951 $aXV.11. 57$b808$cXV.11.$d00345168 959 $aBK 969 $aFVUO 979 $aPATRY$b90$c20150414$lUSA01$h1305 996 $aNuovissimo vocabolario illustrato italiano-francese francese-italiano$91077800 997 $aUNISA LEADER 01822nam 2200421Ia 450 001 996396415103316 005 20200824131948.0 035 $a(CKB)4940000000057317 035 $a(EEBO)2248567433 035 $a(OCoLC)ocm12380056e 035 $a(OCoLC)12380056 035 $a(EXLCZ)994940000000057317 100 $a19850813d1662 uy | 101 0 $aeng 135 $aurbn||||a|bb| 200 12$aA brief account of ancient church-government$b[electronic resource] $ewith a reflection on several modern writings of the Presbyterians, the Assembly of Divines, their Jus divinum Ministerii Anglicani, published 1654, and D. Blondel's Apologia pro sententia Hieronymi, and others, touching this subject /$fby a learned hand, for establishing the church's peace, and satisfaction of the doubtfull 210 $aLondon $cPrinted by J. Cadwel for J. Crooke ...$d1662 215 $a[12], 262 p 300 $aFirst edition. 300 $aAttributed to Abraham Woodhead ; also attributed to Obadiah Walker and Richard Holden. Cf. Halkett & Laing (2nd ed.), DNB, v. 62, p. 399. 300 $aAbraham Woodhead's works appear either anonymously or under the initials R.H. Cf. DNB. 300 $a"Corrigenda, addenda": prelim. p. [11-12] 300 $aReproduction of original in Union Theological Seminary Library, New York. 330 $aeebo-0160 606 $aChurch polity$vEarly works to 1800 615 0$aChurch polity 700 $aR. H$f1609-1678.$01001862 701 $aWalker$b Obadiah$f1616-1699.$01001863 701 $aHolden$b Richard$f1626 or 7-1702.$01011530 801 0$bEAA 801 1$bEAA 801 2$bm/c 801 2$bEAA 801 2$bWaOLN 906 $aBOOK 912 $a996396415103316 996 $aA brief account of ancient church-government$92361078 997 $aUNISA